The Africa Competitiveness Report 2017.

Bibliographic Details
Corporate Author: World Economic Forum
Format: Book
Published: Geneva: World Economic Forum, 2017.
Subjects:
LEADER 00843cam a2200265 7i4500
001 0000034792
005 20171222090000.0
007 ##ta
008 171222t2017 sz gr s 0 0eng d
020 # # |a 9781944835095  
040 # # |a MATR 
090 0 0 |a AFRI 338.096   |b AFR 
245 0 4 |a The Africa Competitiveness Report 2017. 
264 # 1 |a Geneva:   |b World Economic Forum,   |c 2017. 
300 # # |a xv, 160 pages:   |b illustrations;   |c 30 cm. 
336 # # |a text  |2 rdacontent 
337 # # |a unmediated  |2 rdamedia 
338 # # |a volume  |2 rdacarrier 
650 # 0 |a Competition --   |z Africa  
650 # 0 |a Investments, Foreign --   |z Africa  
651 # 0 |a Africa --   |x Foreign economic relations  
651 # 0 |a Africa --   |x Commerce  
651 # 0 |a Africa --   |x Economic conditions  
710 2 # |a World Economic Forum  
999 |a 0000039659  |b Book  |c Regions  |e Business Information Centre